Geotechnical and Geoenvironmental Engineering Handbook (Record no. 546598)
[ view plain ]
| 000 -LEADER | |
|---|---|
| fixed length control field | 00496nam a22001577a 4500 |
| 020 ## - INTERNATIONAL STANDARD BOOK NUMBER | |
| International Standard Book Number | 0-7923-8613-2 |
| 082 ## - DEWEY DECIMAL CLASSIFICATION NUMBER | |
| Classification number | 624.151 |
| Author Mark | ROW |
| -- | N-01, P-101,P-89 |
| 100 ## - MAIN ENTRY--PERSONAL NAME | |
| Personal name | Rowe Kerry R. |
| 9 (RLIN) | 42751 |
| 245 ## - TITLE STATEMENT | |
| Title | Geotechnical and Geoenvironmental Engineering Handbook |
| Statement of responsibility, etc. | Rowe Kerry R. |
| 260 ## - PUBLICATION, DISTRIBUTION, ETC. | |
| Place of publication, distribution, etc. | Boston |
| Name of publisher, distributor, etc. | Kluwer Academic Publishers |
| Date of publication, distribution, etc. | c2001 |
| 300 ## - PHYSICAL DESCRIPTION | |
| Extent | vii, p1088 |
| Dimensions | 25 cm |
| 526 ## - STUDY PROGRAM INFORMATION NOTE | |
| Program name | 0 |
| Interest level | 0 |
| Reading level | 0 |
| Title point value | 624_151000000000000_ROW |
| 526 ## - STUDY PROGRAM INFORMATION NOTE | |
| Program name | 0 |
| Interest level | 0 |
| Reading level | 0 |
| Title point value | 624_151000000000000_ROW |
| 650 ## - SUBJECT ADDED ENTRY--TOPICAL TERM | |
| Topical term or geographic name entry element | mce |
| 9 (RLIN) | 379 |
| 942 ## - ADDED ENTRY ELEMENTS (KOHA) | |
| Source of classification or shelving scheme | |
| Koha item type | Book |
| Withdrawn status | Lost status | Source of classification or shelving scheme | Damaged status | Not for loan | Permanent Location | Current Location | Date acquired | Total Checkouts | Full call number | Barcode | Date last seen | Price effective from | Koha item type |
|---|---|---|---|---|---|---|---|---|---|---|---|---|---|
| Military College of Engineering (MCE) | Military College of Engineering (MCE) | 06/16/2014 | 624.151 ROW | MCE-36728 | 06/16/2014 | 06/16/2014 | Book | ||||||
| Military College of Engineering (MCE) | Military College of Engineering (MCE) | 08/26/2014 | 624.151 ROW | MCE-36490 | 08/26/2014 | 08/26/2014 | Book |
